000 00577nam a2200181 a 4500
001 000041200
005 20201002034712.0
008 130925s2002 sp a 000 0 spa d
020 _a8400080378
040 _aDO-SdBNP
_beng
_cBNPHU
082 _axxx
_bxxxx
245 0 0 _aWorkshops alcue science & technology.
260 _aMadrid, :
_bConsejo Superior de Investigaciones Científicas,
_c2002.
300 _av. :
_bil. ;
_c24 cm.
504 _aReferences p: 191-192
500 _aLa biblioteca posee el volumen 5
505 0 _gv. 5
_tCompetitive growth in the global environment
999 _c40690
_d40690